Петият сезон (Запис номер 495222)
[ съкратено ]
| 000 -Лидер | |
|---|---|
| Лидер | 01268nam a2200325 a 4500 |
| 003 - Код на организацията, давaща контролен номер | |
| Код на организацията, даваща контролен номер | BLK |
| 005 - Дата и час на последна редакция | |
| Дата и час на последна редакция | 20250509111150.0 |
| 008 - Елементи от данни с фиксирана дължина | |
| Елементи с фиксирана дължина | 180411b bul|||||r ||||||| ||bul|| |
| 010 ## - Наследен системен номер | |
| LC control number | KNG00214888000 |
| 020 ## - Международен стандартен номер на книга ISBN | |
| ISBN | 9786192350925 |
| 040 ## - Източник на каталожния запис | |
| Код на библиотеката | BLK |
| 041 ## - Код за език | |
| Език | Български |
| Език за КДБФ | Български |
| 072 #7 - Код за тематичната категория | |
| Код организация | bullib |
| Код за тематична категория | Н83 |
| Текст | Чужда художествена литература Н |
| 080 ## - УДК | |
| УДК текст | Норвежка литература |
| УДК код | 821.113.5 |
| УДК – определител | -312.4 |
| УДК – код + определител | 821.113.5-312.4 |
| 084 ## - Класификационен индекс по друга класификация | |
| Авторски знак | Дам - Д 15 |
| 100 1# - Редна дума - Автор | |
| Автор | Дамхауг, Торкил |
| R(LIN) | 58169 |
| 245 10 - Сведения за заглавието | |
| Заглавие | Петият сезон |
| Подзаглавни данни | Роман |
| Авторска отговорност | Торкил Дамхауг; прев. от норв. Евгения Кръстева |
| 257 ## - Страна на издаване | |
| Страна на създаване/издаване | Норвегия |
| 260 ## - Област на издателските данни | |
| Име на издателя | Светлана Янчева - Изида |
| Година на издаване | 2022 |
| Място на издаване | София |
| 300 ## - Физическа характеристика | |
| Брой страници | 576 с. |
| Размер | 20 см |
| 380 ## - Жанр | |
| Жанр | Худож. лит. |
| 490 1# - СЕРИИ (Колекции) | |
| Серия | Поредица Скандинавски трилъри |
| 500 ## - Общи забележки | |
| Обща забележка | Ориг. загл. Doden ved vann / Torkil Damhaug. - Съдържа за авт. |
| 700 ## - Други автори (авторска отговорност) | |
| Друг автор | Кръстева, Евгения |
| 9 (RLIN) | 465965 |
| 856 4# - Електронен адрес и достъп | |
| Електронен формат | pdf - файл |
| 856 4# - Електронен адрес и достъп | |
| Електронен формат | pdf - файл |
| 942 ## - АРТИКУЛИ | |
| Вид на библиотечния документ | Книги |
| Скрит в OPAC | Не |
| Koha issues (borrowed), all copies | 44 |
| 944 ## - СЪЗДАВАНЕ И РЕДАКЦИЯ на ЗАПИСА | |
| Дата на регистрацията/редакция | Теодора Пейчева-Дянкова |
| Номер на служител | Цветомила Тодорова |
| Служител, извършил регистрацията/редакцията | 30576 |
| 999 ## - СИСТЕМНИ КОНТРОЛНИ НОМЕРА | |
| Koha biblionumber | 495222 |
| Koha biblioitemnumber | 495222 |
| Код за отписване | Код за изгубен артикул | Източник на класификационната схема | Код за повреда | Код за отдаване | Артикулен № | Име на библиотеката - собственик | Име на библиотеката, в която се намира в момента | Статус (Текущо местоположение) | Дата на вписване в системата | Местоположение - отдел | Цена в лева | Инвентарен номер | Систематично азбучна сигнатура | Баркод | Цена в евро | Служебен тип на артикула |
|---|---|---|---|---|---|---|---|---|---|---|---|---|---|---|---|---|
| Не е изгубен | Universal Decimal Classification | Не е повреден | заемане за дома | 933262 | Регионална библиотека "Любен Каравелов" Русе | Регионална библиотека "Любен Каравелов" Русе | Заемна - подръчен фонд | 2023-08-29 | Заемна - подръчен фонд | 24.00 | 120000892430 | 821-31/Д 15 Т | 120000892430 | 12.27 | Книги | |
| Не е изгубен | Universal Decimal Classification | Не е повреден | заемане за дома | 933263 | Регионална библиотека "Любен Каравелов" Русе | Регионална библиотека "Любен Каравелов" Русе | Заемна - подръчен фонд | 2023-08-29 | Заемна - подръчен фонд | 24.00 | 120000892431 | 821-31/Д 15 Т | 120000892431 | 12.27 | Книги |